Datum a čas kvízu
30
Celkem bodů
Celkový počet nahraných bodů na tomto kvízu bez doplňovacích otázek.
7.
Pořadí na kvízu
Konečné umístění týmu na tomto kvízu.
Zaznamenané odpovědi
| # | Otázka | Odpověď | Body | Výsledky |
|---|---|---|---|---|
| 1. | Sociální demokraté si novým šé... | 1 | ||
| 2. | Obyvatelé Moskvy přišli na způ... | 1 | ||
| 3. | V Berlíně minulý týden začal d... | 1 | ||
| 4. | Německá vláda hodlá výrazně ro... | 1 | ||
| 5. | Začátek olympijského hokejovéh... | 1 | ||
| 6. | Která slavná americká kapela n... | 1 | ||
| 7. | Kdo bývá v řecké mytologii ozn... | 0 | ||
| 8. | Který z těchto výrobků nepatří... | 0 | ||
| 9. | Orion je kosmická loď vyvíjená... | 0 | ||
| 10. | Odrůda jablek Orion byla vyšle... | 0 |